|
|
|
|
| LEADER |
00000cam a2200000 7i4500 |
| 001 |
0000070472 |
| 005 |
20170219.0 |
| 008 |
170219 |
| 020 |
|
|
|a 9789831722985
|
| 020 |
|
|
|a 9831722957 (set)
|
| 020 |
|
|
|a 9831722981
|
| 090 |
0 |
0 |
|a JF
|b MAL
|
| 245 |
0 |
0 |
|a Putera yang setia
|c Diceritakan semula oleh Sulaiman Zakaria
|
| 260 |
|
|
|a Kuala Lumpur :
|b Penerbit Arowana Sdn Bhd ,
|c 2003
|
| 300 |
|
|
|a 16 pg :
|b Col.ill
|
| 490 |
1 |
|
|a Cerita asia kegemaran ramai
|
| 500 |
|
|
|a Children ages 7-9 years old (orange)
|
| 650 |
|
0 |
|a Malay fiction
|
| 700 |
0 |
|
|a Sulaiman Zakaria
|
| 999 |
|
|
|a 0000866600
|b Book
|c Children Collection
|e Cawangan Pontian
|
| 999 |
|
|
|a 0000888985
|b Book
|c Children Collection
|e Cawangan Segamat
|
| 999 |
|
|
|a 0000888987
|b Book
|c Children Collection
|e Cawangan Bandar Penawar
|